Načítá se...

Emerging trends in biological control of phytophagous insects

Podrobná bibliografie
Hlavní autor: Ananthakrishnan, T N, Ed
Médium: Printed Book
Vydáno: Oxford & IBH Publishing Co. Pvt. Ltd., New Delhi 1992
Témata:
LEADER 00589nam a2200193 4500
020
082 |a 632.96 ANA-E 
100 |a Ananthakrishnan, T N, Ed. 
245 |a Emerging trends in biological control of phytophagous insects 
250
260 |a Oxford & IBH Publishing Co. Pvt. Ltd., New Delhi  |c 1992 
300
490
500
590 |a SUB 
650 |a Biological control of pests--agriculture-- Pest control 
942 |c BK 
999 |c 90836  |d 90836 
952 |0 0  |1 0  |4 0  |6 632_960000000000000_ANAE  |7 0  |9 104304  |a ZGY  |b ZGY  |l 0  |o 632.96 ANA-E  |p ZGY03373  |r 2019-09-25  |w 2019-09-25  |y BK